[Event "Turkey Cup 2019"]
[Site "Belek"]
[Date "2019.01.30"]
[Round "5.79"]
[White "Erol, Harun Eser"]
[Black "Aslanhan, Halis"]
[Result "1/2-1/2"]
[WhiteElo "1464"]
[BlackElo "1779"]
[Annotator "NA RC"]
[PlyCount "75"]
[EventDate "2019.01.27"]
[EventType "swiss"]
[EventCountry "TUR"]
[SourceTitle "playchess.com"]
[Source "ChessBase"]
[SourceQuality "1"]

1. f4 d5 2. Nf3 Bf5 3. e3 Nf6 4. d4 e6 5. c3 Be7 6. Be2 c6 7. O-O O-O 8. Ne5 Nbd7 9. Nd2 Nxe5 10. fxe5 Nd7 11. Bg4 Bd3 12. Rf3 c5 13. Rh3 cxd4 14. exd4 Bg6 15. Nf3 Qb6 16. Qb3 Qxb3 17. axb3 Bc2 18. b4 Rfc8 19. Bg5 Bxg5 20. Nxg5 Nf8 21. Rf1 Rc7 22. Rhf3 Bg6 23. h4 h5 24. Bh3 b6 25. Ra1 a5 26. bxa5 Rxa5 27. Rxa5 bxa5 28. g3 a4 29. Bf1 Rb7 30. Rf2 Rb3 31. Nf3 a3 32. bxa3 Rxc3 33. a4 Bd3 34. Bxd3 Rxd3 35. Kg2 Ra3 36. Ng5 Rxa4 37. Rxf7 Nh7 38. Re7 1/2-1/2

[Event "Turkey Cup 2019"]
[Site "Belek"]
[Date "2019.01.30"]
[Round "5.80"]
[White "Elalmis, Husamettin"]
[Black "Atik, Muhammed Ihsan"]
[Result "1/2-1/2"]
[WhiteElo "1754"]
[BlackElo "1464"]
[Annotator "NA RC"]
[PlyCount "127"]
[EventDate "2019.01.27"]
[EventType "swiss"]
[EventCountry "TUR"]
[SourceTitle "playchess.com"]
[Source "ChessBase"]
[SourceQuality "1"]

1. e4 g6 2. d4 Bg7 3. Nc3 d6 4. Be3 Nf6 5. f3 O-O 6. Qd2 c6 7. O-O-O b5 8. Kb1 Qa5 9. g4 Na6 10. Nd5 Qd8 11. Nxf6+ Bxf6 12. h4 Rb8 13. h5 Bg7 14. Bh6 Be6 15. Bxg7 Kxg7 16. hxg6 fxg6 17. Qh6+ Kf7 18. d5 Bc8 19. Qxh7+ Ke8 20. Qxg6+ Kd7 21. dxc6+ Kxc6 22. e5 Nc5 23. exd6 Rf6 24. Qh7 Rxd6 25. Bd3 Be6 26. b3 Qa5 27. Ne2 Rbd8 28. Be4+ Nxe4 29. Qxe4+ Bd5 30. Qe3 Kc7 31. Qxe7+ R8d7 32. Qe5 Kb7 33. Nc1 b4 34. Rh5 Qc7 35. Rd4 a5 36. Qg3 Qc5 37. Rd2 a4 38. Qf2 Qc6 39. f4 a3 40. Qd4 Bc4 41. Qxd6 Rxd6 42. Rxd6 Qxd6 43. bxc4 Kc6 44. Nd3 Qd4 45. Rc5+ Kb6 46. Rb5+ Kc7 47. Rxb4 Qg1+ 48. Nc1 Qxg4 49. Rb3 Qxf4 50. Rxa3 Qxc4 51. Rb3 Qf1 52. a3 Kc6 53. Kb2 Qf6+ 54. Ka2 Qf2 55. Rc3+ Kb5 56. Kb2 Qd4 57. Nd3 Ka5 58. Kb3 Qa4+ 59. Kb2 Qd4 60. Nc5 Kb5 61. Nb3 Qf6 62. Nd2 Qd4 63. Nc4 Ka4 64. Ne3 1/2-1/2

[Event "Turkey Cup 2019"]
[Site "Belek"]
[Date "2019.01.30"]
[Round "5.81"]
[White "Atayman, Evren"]
[Black "Sazlik, Mucahit"]
[Result "0-1"]
[WhiteElo "1668"]
[BlackElo "1527"]
[Annotator "NA RC"]
[PlyCount "114"]
[EventDate "2019.01.27"]
[EventType "swiss"]
[EventCountry "TUR"]
[SourceTitle "playchess.com"]
[Source "ChessBase"]
[SourceQuality "1"]

1. e4 b6 2. Nc3 Bb7 3. d4 e6 4. Bd3 d5 5. exd5 exd5 6. Nf3 Nf6 7. Bg5 Be7 8. O-O O-O 9. Re1 h6 10. Bh4 Nbd7 11. Qe2 Re8 12. Ba6 Bxa6 13. Qxa6 c6 14. Bg3 Nh5 15. Be5 f6 16. Bg3 Nxg3 17. hxg3 Qc7 18. Qd3 Bb4 19. Qg6 Qd8 20. Nh4 Nf8 21. Qg4 Qd7 22. Nf5 Kh7 23. Qh5 Re6 24. Rxe6 Qxe6 25. Ne2 Ng6 26. c3 Bf8 27. Nf4 Nxf4 28. gxf4 g6 29. Qf3 gxf5 30. Qh5 Re8 31. a4 Re7 32. a5 b5 33. b3 Qe4 34. g3 Qc2 35. Kf1 Qd3+ 36. Kg1 Bg7 37. Rd1 Qc2 38. Kf1 Kg8 39. c4 bxc4 40. bxc4 Qxc4+ 41. Kg1 Qe2 42. Qxe2 Rxe2 43. Rc1 Re6 44. a6 Bf8 45. Rb1 Bd6 46. Rb7 Re7 47. Rb3 Re1+ 48. Kg2 Ra1 49. Re3 Kf7 50. g4 Bxf4 51. Rf3 Bd6 52. gxf5 Ra3 53. Re3 Rxe3 54. fxe3 c5 55. dxc5 Bxc5 56. Kf3 Ke7 57. e4 d4 0-1

[Event "Turkey Cup 2019"]
[Site "Belek"]
[Date "2019.01.30"]
[Round "5.82"]
[White "Hatirli, Ugur Can"]
[Black "Erkam, Hakan Oguzcan"]
[Result "1-0"]
[WhiteElo "1713"]
[BlackElo "1483"]
[Annotator "NA RC"]
[PlyCount "63"]
[EventDate "2019.01.27"]
[EventType "swiss"]
[EventCountry "TUR"]
[SourceTitle "playchess.com"]
[Source "ChessBase"]
[SourceQuality "1"]

1. b3 Nf6 2. Bb2 d5 3. e3 Bf5 4. f4 c5 5. Nf3 Nc6 6. Bb5 a6 7. Bxc6+ bxc6 8. O-O Bg4 9. h3 Bxf3 10. Qxf3 Qd7 11. d3 e6 12. Nd2 Be7 13. Qe2 O-O 14. Nf3 a5 15. a4 Qb7 16. g4 c4 17. dxc4 dxc4 18. Qxc4 Nd5 19. Rae1 Nb6 20. Qe4 Nd5 21. g5 Qc8 22. c4 Nb4 23. f5 Re8 24. f6 Bc5 25. Ne5 g6 26. h4 Qc7 27. Re2 Rad8 28. h5 Qb6 29. hxg6 hxg6 30. Qxg6+ fxg6 31. f7+ Kf8 32. Nxg6# 1-0

[Event "Turkey Cup 2019"]
[Site "Belek"]
[Date "2019.01.30"]
[Round "5.83"]
[White "Camdereli, Gunduz"]
[Black "Pulat, Gulce"]
[Result "1-0"]
[WhiteElo "1724"]
[BlackElo "1554"]
[Annotator "NA RC"]
[PlyCount "111"]
[EventDate "2019.01.27"]
[EventType "swiss"]
[EventCountry "TUR"]
[SourceTitle "playchess.com"]
[Source "ChessBase"]
[SourceQuality "1"]

1. e4 e5 2. Nf3 Nc6 3. Bc4 Nf6 4. d4 exd4 5. O-O d6 6. c3 Be7 7. cxd4 Nxe4 8. d5 Ne5 9. Re1 Nf6 10. Nxe5 dxe5 11. Rxe5 O-O 12. Bg5 Bd6 13. Re1 h6 14. Bh4 g5 15. Bg3 Bxg3 16. hxg3 Qd6 17. Qd4 a6 18. Nc3 b5 19. Bb3 c5 20. Ne4 Nxe4 21. Qxe4 Bb7 22. Rad1 Rae8 23. Qf5 Bc8 24. Re6 Rxe6 25. dxe6 Bxe6 26. Qf6 Qb6 27. Bc2 Qc7 28. Qxh6 f6 29. Rd6 Bc8 30. Be4 Rf7 31. Bd5 Qxd6 32. Qg6+ Kh8 33. Qxf7 Qd8 34. Qh5+ Kg7 35. Qf7+ Kh8 36. Be4 f5 37. Bxf5 Bxf5 38. Qxf5 Qd1+ 39. Kh2 Qh5+ 40. Qh3 Qxh3+ 41. gxh3 c4 42. Kg2 b4 43. Kf3 a5 44. Ke3 a4 45. Kd2 Kg7 46. a3 c3+ 47. bxc3 b3 48. c4 Kf6 49. Kc3 Ke5 50. h4 Kf6 51. hxg5+ Kxg5 52. f4+ Kf5 53. c5 Ke6 54. g4 Kd5 55. g5 Ke6 56. g6 1-0

[Event "Turkey Cup 2019"]
[Site "Belek"]
[Date "2019.01.30"]
[Round "5.84"]
[White "Konez, Serkan"]
[Black "Bulut, Muhammed"]
[Result "1/2-1/2"]
[WhiteElo "1513"]
[BlackElo "1731"]
[Annotator "NA RC"]
[PlyCount "63"]
[EventDate "2019.01.27"]
[EventType "swiss"]
[EventCountry "TUR"]
[SourceTitle "playchess.com"]
[Source "ChessBase"]
[SourceQuality "1"]

1. d4 d5 2. Nc3 Nf6 3. e4 dxe4 4. f3 Bf5 5. fxe4 Nxe4 6. Qf3 Nd6 7. Bf4 Qc8 8. Bxd6 cxd6 9. Bb5+ Bd7 10. Nge2 Bxb5 11. Nxb5 Qd7 12. c4 a6 13. Nbc3 e6 14. O-O f6 15. Rae1 Be7 16. Nf4 e5 17. Qh5+ Kd8 18. Ncd5 g6 19. Nxg6 Qe8 20. Ndxe7 hxg6 21. Qxg6 Qxe7 22. Rxf6 Nd7 23. Rxd6 Qh4 24. Rxe5 Qxh2+ 25. Kf2 Rf8+ 26. Ke2 Qf4 27. Rxd7+ Kxd7 28. Qe6+ Kc7 29. Qe7+ Kb8 30. Qd6+ Ka7 31. Qc5+ Kb8 32. Qd6+ 1/2-1/2

[Event "Turkey Cup 2019"]
[Site "Belek"]
[Date "2019.01.30"]
[Round "5.85"]
[White "Lokman, Hilmi Merih"]
[Black "Celik, Cem Akin"]
[Result "1-0"]
[WhiteElo "1597"]
[BlackElo "1637"]
[Annotator "NA RC"]
[PlyCount "105"]
[EventDate "2019.01.27"]
[EventType "swiss"]
[EventCountry "TUR"]
[SourceTitle "playchess.com"]
[Source "ChessBase"]
[SourceQuality "1"]

1. d4 Nf6 2. c4 g6 3. Nc3 Bg7 4. e4 d6 5. Bd3 O-O 6. Nge2 e5 7. d5 a5 8. Bg5 h6 9. Bh4 Na6 10. a3 Nc5 11. Bc2 g5 12. Bg3 a4 13. f3 Bd7 14. h3 Nh5 15. Bf2 Qe8 16. g4 Nf4 17. Nxf4 exf4 18. Bd4 Be5 19. Qd2 Qe7 20. Rh2 Kg7 21. O-O-O Qf6 22. Ne2 b5 23. Bxe5 Qxe5 24. cxb5 Bxb5 25. Qc3 f6 26. Nd4 Bd7 27. Nf5+ Bxf5 28. Qxe5 fxe5 29. gxf5 h5 30. Rg1 Kf6 31. Rhg2 Rg8 32. h4 g4 33. fxg4 hxg4 34. Rxg4 Rxg4 35. Rxg4 Rh8 36. Bd1 Nxe4 37. h5 Rh7 38. Rg6+ Kf7 39. h6 Nf6 40. Kd2 Ne4+ 41. Ke1 Nf6 42. Bxa4 Ng8 43. Bd7 Nxh6 44. Be6+ Kf8 45. a4 Ke7 46. f6+ Kf8 47. a5 Nf7 48. Rg7 Rh1+ 49. Kf2 Nh6 50. Rxc7 Ng4+ 51. Bxg4 Rh2+ 52. Kg1 Rxb2 53. a6 1-0

[Event "Turkey Cup 2019"]
[Site "Belek"]
[Date "2019.01.30"]
[Round "5.87"]
[White "Oz, Dindar"]
[Black "Ilcin, Murat Veysi"]
[Result "1-0"]
[WhiteElo "1644"]
[BlackElo "1653"]
[Annotator "NA RC"]
[PlyCount "71"]
[EventDate "2019.01.27"]
[EventType "swiss"]
[EventCountry "TUR"]
[SourceTitle "playchess.com"]
[Source "ChessBase"]
[SourceQuality "1"]

1. d4 Nf6 2. c4 g6 3. Nc3 Bg7 4. Nf3 O-O 5. Bg5 d6 6. e3 Nc6 7. Be2 a6 8. d5 Nb8 9. Qc2 Nbd7 10. O-O Nc5 11. e4 h6 12. Bh4 a5 13. Rad1 e5 14. dxe6 g5 15. exf7+ Rxf7 16. Bg3 Nh5 17. Nd4 Nxg3 18. hxg3 Qf6 19. Nd5 Qe5 20. Bh5 Rd7 21. Rfe1 Ne6 22. Nxe6 Qxe6 23. Ne3 Qe5 24. Re2 Re7 25. Nd5 Rd7 26. Qd3 b6 27. Bg6 Bb7 28. Bf5 Rf7 29. f4 Qe8 30. Bg6 Qf8 31. Bxf7+ Qxf7 32. Rf1 Rf8 33. Ref2 c5 34. fxg5 Bd4 35. Ne3 Qe6 36. Rxf8+ 1-0

[Event "Turkey Cup 2019"]
[Site "Belek"]
[Date "2019.01.30"]
[Round "5.88"]
[White "Bayram, Irem Inci"]
[Black "Baspinar, Mehmet"]
[Result "1/2-1/2"]
[WhiteElo "1525"]
[BlackElo "1558"]
[Annotator "NA RC"]
[PlyCount "116"]
[EventDate "2019.01.27"]
[EventType "swiss"]
[EventCountry "TUR"]
[SourceTitle "playchess.com"]
[Source "ChessBase"]
[SourceQuality "1"]

1. d4 Nf6 2. c4 g6 3. Nc3 Bg7 4. e4 d6 5. f3 Nbd7 6. Be3 e5 7. d5 a5 8. Nh3 Nc5 9. Nf2 b6 10. Qd2 h6 11. Be2 Bd7 12. Rd1 Qe7 13. b3 Ng8 14. O-O f5 15. exf5 gxf5 16. f4 O-O-O 17. Nb5 Bxb5 18. cxb5 exf4 19. Bxf4 Be5 20. Rfe1 Qh4 21. Bxe5 dxe5 22. Qc3 Qf6 23. b4 axb4 24. Qxb4 Ne7 25. Qa3 Kb7 26. Bc4 Ra8 27. Qb2 Ng6 28. d6 Ra4 29. Bd5+ Kb8 30. dxc7+ Kxc7 31. Nd3 Nxd3 32. Rxd3 Kb8 33. Qc2 Ra7 34. Rc3 Ne7 35. Bc6 Rc7 36. Qf2 Nc8 37. Rf1 Rf8 38. Qb2 Rff7 39. Ra3 Ra7 40. Raf3 Qe6 41. R3f2 Ne7 42. Rc1 Rc7 43. Rd2 Nxc6 44. bxc6 Rxc6 45. Rxc6 Qxc6 46. Qxe5+ Ka7 47. Qb2 Qc5+ 48. Kh1 Re7 49. h3 Re1+ 50. Kh2 Qg1+ 51. Kg3 Qe3+ 52. Kh2 Qg1+ 53. Kg3 Qe3+ 54. Kh2 Qg1+ 55. Kg3 f4+ 56. Kxf4 Qe3+ 57. Kg4 Qg5+ 58. Kf3 Rf1+ 1/2-1/2

[Event "Turkey Cup 2019"]
[Site "Belek"]
[Date "2019.01.30"]
[Round "5.89"]
[White "Sabahi, Cem"]
[Black "Kaya, Mehmet Roni"]
[Result "1/2-1/2"]
[WhiteElo "1642"]
[BlackElo "1632"]
[Annotator "NA RC"]
[PlyCount "91"]
[EventDate "2019.01.27"]
[EventType "swiss"]
[EventCountry "TUR"]
[SourceTitle "playchess.com"]
[Source "ChessBase"]
[SourceQuality "1"]

1. e4 e5 2. Nf3 Nf6 3. d3 Nc6 4. c3 d5 5. Nbd2 dxe4 6. dxe4 Bc5 7. Be2 O-O 8. O-O Bg4 9. Qc2 Qe7 10. b4 Bb6 11. Nc4 Nd7 12. a4 a5 13. Nxb6 cxb6 14. b5 Nd8 15. Ba3 Nc5 16. Rfd1 Bxf3 17. Bxf3 Nde6 18. g3 Rfd8 19. Rd5 Nc7 20. Rdd1 Rxd1+ 21. Rxd1 Rd8 22. Bg4 N7e6 23. Bxe6 fxe6 24. f3 Rd6 25. Kf1 Qd7 26. Rxd6 Qxd6 27. Ke2 Kf7 28. h4 h6 29. h5 Qd8 30. Bxc5 bxc5 31. Qd3 Qxd3+ 32. Kxd3 b6 33. Ke3 g5 34. hxg6+ Kxg6 35. c4 h5 36. Kf2 Kh6 37. Kg2 Kg6 38. Kh3 Kg5 39. Kg2 Kf6 40. Kh2 Kg6 41. f4 h4 42. Kh3 hxg3 43. Kxg3 Kf6 44. Kg4 exf4 45. Kxf4 e5+ 46. Kg4 1/2-1/2

[Event "Turkey Cup 2019"]
[Site "Belek"]
[Date "2019.01.30"]
[Round "5.90"]
[White "Araboga, Mesut"]
[Black "Durucay, Uygar"]
[Result "1-0"]
[WhiteElo "1697"]
[BlackElo "1410"]
[Annotator "NA RC"]
[PlyCount "61"]
[EventDate "2019.01.27"]
[EventType "swiss"]
[EventCountry "TUR"]
[SourceTitle "playchess.com"]
[Source "ChessBase"]
[SourceQuality "1"]

1. e4 d5 2. Nc3 d4 3. Nce2 c5 4. d3 e5 5. Nf3 Nc6 6. Ng3 Nf6 7. Be2 Be7 8. O-O O-O 9. h3 h6 10. Nh2 b5 11. f4 exf4 12. Bxf4 Bd6 13. Qd2 Ne5 14. Nf3 Ng6 15. e5 Nxf4 16. Qxf4 Nd5 17. Qe4 Bc7 18. c4 dxc3 19. bxc3 Rb8 20. Rac1 Bb7 21. Nf5 Nxc3 22. Qg4 Nxe2+ 23. Kh1 g6 24. Nxh6+ Kg7 25. Nf5+ Kg8 26. Nh6+ Kg7 27. Nf5+ Kg8 28. Ng5 gxf5 29. Rxf5 Qd4 30. Ne4+ Kh8 31. Rh5# 1-0

[Event "Turkey Cup 2019"]
[Site "Belek"]
[Date "2019.01.30"]
[Round "5.91"]
[White "Vursan, Emre Can"]
[Black "Pazarcioglu, Ilker"]
[Result "1-0"]
[WhiteElo "1678"]
[BlackElo "1511"]
[Annotator "NA RC"]
[PlyCount "73"]
[EventDate "2019.01.27"]
[EventType "swiss"]
[EventCountry "TUR"]
[SourceTitle "playchess.com"]
[Source "ChessBase"]
[SourceQuality "1"]

1. f4 Nf6 2. Nf3 d6 3. b3 g6 4. Bb2 Bg7 5. e3 O-O 6. Be2 c5 7. O-O Nc6 8. Bb5 a6 9. Bxc6 bxc6 10. d3 Nd5 11. Bxg7 Kxg7 12. Qe2 e6 13. c4 Qf6 14. Nbd2 Nb6 15. g4 h6 16. Ne4 Qe7 17. Qb2+ f6 18. g5 Nd7 19. gxf6+ Nxf6 20. Nfg5 Kg8 21. Nxf6+ Rxf6 22. Ne4 Rf7 23. Rf2 d5 24. Nd2 Bd7 25. Nf3 Be8 26. Ne5 Rg7 27. Rg2 Kh7 28. Kh1 a5 29. Rg3 a4 30. Ng4 h5 31. Nf6+ Kh6 32. Qe5 g5 33. Rxg5 Qf7 34. Rag1 Ra7 35. Rxg7 Qxg7 36. Rxg7 Rxg7 37. Nxe8 1-0

[Event "Turkey Cup 2019"]
[Site "Belek"]
[Date "2019.01.30"]
[Round "5.92"]
[White "Yardim, Ahmet"]
[Black "Ozata, Doruk"]
[Result "0-1"]
[WhiteElo "1445"]
[BlackElo "1778"]
[Annotator "NA RC"]
[PlyCount "34"]
[EventDate "2019.01.27"]
[EventType "swiss"]
[EventCountry "TUR"]
[SourceTitle "playchess.com"]
[Source "ChessBase"]
[SourceQuality "1"]

1. e4 c5 2. Nf3 Nc6 3. Bc4 g6 4. d3 Bg7 5. c3 Nf6 6. h3 d6 7. Be3 e5 8. Nbd2 Be6 9. Bxe6 fxe6 10. Ng5 Qe7 11. Qb3 Nd8 12. f4 exf4 13. Bxf4 Nh5 14. Be3 O-O 15. g4 Nf4 16. Bxf4 Rxf4 17. O-O-O Qxg5 0-1

[Event "Turkey Cup 2019"]
[Site "Belek"]
[Date "2019.01.30"]
[Round "5.93"]
[White "Bulut, Nazim"]
[Black "Yaziciogullari, Ali Emre"]
[Result "1-0"]
[WhiteElo "1496"]
[BlackElo "1675"]
[Annotator "NA RC"]
[PlyCount "119"]
[EventDate "2019.01.27"]
[EventType "swiss"]
[EventCountry "TUR"]
[SourceTitle "playchess.com"]
[Source "ChessBase"]
[SourceQuality "1"]

1. e4 c5 2. Bc4 Nc6 3. Nf3 e6 4. d3 a6 5. a3 g6 6. Ba2 Bg7 7. Nbd2 Nge7 8. Nc4 d5 9. exd5 exd5 10. Ne3 O-O 11. O-O b5 12. Re1 h6 13. h3 Bb7 14. Nf1 Qc7 15. c3 Rfe8 16. Bd2 Rad8 17. Qc1 Kh7 18. Bf4 Qd7 19. d4 cxd4 20. cxd4 Nxd4 21. Ne5 Bxe5 22. Bxe5 Nec6 23. Bxd4 Nxd4 24. Qd2 Rxe1 25. Rxe1 Nf5 26. Bb1 d4 27. Bd3 Nh4 28. Be4 Bxe4 29. Rxe4 Nf5 30. Nh2 Qd5 31. Ng4 Kg7 32. Re5 Qd6 33. h4 h5 34. Rxf5 hxg4 35. Rf4 d3 36. Rxg4 Qe6 37. f3 Qe2 38. Qxe2 dxe2 39. Kf2 Rd2 40. Rb4 e1=Q+ 41. Kxe1 Rxg2 42. Kf1 Rc2 43. Kg1 Kf6 44. a4 Rc4 45. Rxc4 bxc4 46. Kf2 Ke5 47. Ke3 f6 48. f4+ Kf5 49. Kf3 a5 50. Kg3 Ke6 51. Kg4 f5+ 52. Kg5 Kf7 53. h5 gxh5 54. Kxf5 Kg7 55. Kg5 Kf7 56. Kxh5 Kf6 57. Kg4 Kg6 58. Kf3 Kf5 59. Ke3 Kf6 60. Kd4 1-0

[Event "Turkey Cup 2019"]
[Site "Belek"]
[Date "2019.01.30"]
[Round "5.94"]
[White "Caglar, Mehmet Halil"]
[Black "Turkkan, Ece"]
[Result "1-0"]
[WhiteElo "1666"]
[BlackElo "1531"]
[Annotator "NA RC"]
[PlyCount "85"]
[EventDate "2019.01.27"]
[EventType "swiss"]
[EventCountry "TUR"]
[SourceTitle "playchess.com"]
[Source "ChessBase"]
[SourceQuality "1"]

1. c4 g6 2. b3 Bg7 3. Nc3 Nf6 4. Bb2 O-O 5. Nf3 d6 6. e3 e5 7. d3 Re8 8. e4 Nc6 9. Be2 Nh5 10. Nd5 Ne7 11. Nd2 Nxd5 12. cxd5 Nf4 13. Bf1 f5 14. g3 Nh5 15. Be2 Nf6 16. Qc2 Rf8 17. f3 Ne8 18. O-O-O a5 19. a3 Bd7 20. h4 Rc8 21. Kb1 c6 22. dxc6 Rxc6 23. Bc3 Nc7 24. a4 b5 25. axb5 Nxb5 26. Ka1 Nxc3 27. Nc4 Nxd1 28. Bxd1 Be6 29. h5 a4 30. hxg6 hxg6 31. Qh2 d5 32. Qh7+ Kf7 33. Nxe5+ Kf6 34. f4 Bf7 35. Nxc6 Qc7 36. e5+ Ke6 37. Qxg7 Qxc6 38. Qxf8 Qc1+ 39. Ka2 Qd2+ 40. Ka3 Qc1+ 41. Kb4 Qd2+ 42. Kxa4 Qa2+ 43. Kb5 1-0

[Event "Turkey Cup 2019"]
[Site "Belek"]
[Date "2019.01.30"]
[Round "5.95"]
[White "Gonen, Mutlu"]
[Black "Atas, Remzi"]
[Result "1/2-1/2"]
[WhiteElo "1634"]
[BlackElo "1477"]
[Annotator "NA RC"]
[PlyCount "103"]
[EventDate "2019.01.27"]
[EventType "swiss"]
[EventCountry "TUR"]
[SourceTitle "playchess.com"]
[Source "ChessBase"]
[SourceQuality "1"]

1. e4 c5 2. Nf3 Nc6 3. d4 cxd4 4. Nxd4 Nf6 5. Nc3 g6 6. Be3 d6 7. f3 Bg7 8. Qd2 O-O 9. O-O-O Nxd4 10. Bxd4 Qa5 11. Kb1 Be6 12. Nd5 Qxd2 13. Nxe7+ Kh8 14. Rxd2 Rfe8 15. Bxf6 Bxf6 16. Nd5 Bg5 17. Rd1 Rac8 18. Bb5 Red8 19. Ba4 Rc5 20. Bb3 f5 21. h4 Bxd5 22. Bxd5 Bf6 23. h5 Kg7 24. hxg6 hxg6 25. Rh3 Rh8 26. Rxh8 Kxh8 27. g4 fxg4 28. fxg4 Kg7 29. Rf1 Rc7 30. a4 a5 31. Rf3 b6 32. Rb3 Bd4 33. Rd3 Bc5 34. c3 Kf6 35. Rg3 Kg5 36. Kc2 Rh7 37. Rg2 Rh4 38. Be6 Kf4 39. Re2 Ke5 40. Bd7 Rh7 41. Be8 g5 42. Bh5 Rh8 43. Kd3 Rf8 44. Bg6 Rf3+ 45. Kc4 Rf2 46. Rxf2 Bxf2 47. Bf5 Be3 48. b4 Bd2 49. Kd3 Be1 50. Kc4 Bd2 51. Kd3 Be1 52. Kc4 1/2-1/2

[Event "Turkey Cup 2019"]
[Site "Belek"]
[Date "2019.01.30"]
[Round "5.96"]
[White "Hasanoglu, Hakan"]
[Black "Sahin, Fehim"]
[Result "0-1"]
[WhiteElo "1646"]
[BlackElo "1555"]
[Annotator "NA RC"]
[PlyCount "160"]
[EventDate "2019.01.27"]
[EventType "swiss"]
[EventCountry "TUR"]
[SourceTitle "playchess.com"]
[Source "ChessBase"]
[SourceQuality "1"]

1. d4 c6 2. c4 d5 3. Nf3 e6 4. g3 f5 5. Bg2 Nf6 6. O-O Bd6 7. Bf4 Qe7 8. Qc2 O-O 9. Nbd2 Bxf4 10. gxf4 Ne4 11. e3 Nd7 12. Ne5 Nxd2 13. Qxd2 Rf6 14. cxd5 exd5 15. Nf3 Rh6 16. a3 Nf8 17. Kh1 Be6 18. Rg1 Bf7 19. Qc2 Qf6 20. Ng5 Bh5 21. Bf3 Ng6 22. Bxh5 Rxh5 23. Qe2 Rh6 24. Qf3 Re8 25. Qg3 Nh8 26. b4 a6 27. a4 Nf7 28. Nxf7 Kxf7 29. Rab1 Rg6 30. Qf3 Rxg1+ 31. Rxg1 Qe6 32. Qh5+ Kg8 33. h4 Rf8 34. Qg5 Qf6 35. Qg3 Re8 36. h5 Re6 37. Qh3 Qf7 38. Rg5 Rf6 39. Qg2 Rh6 40. Qf3 g6 41. Kg1 Qe7 42. hxg6 hxg6 43. Qg2 Kf7 44. b5 axb5 45. axb5 Qb4 46. Qf1 Qxb5 47. Qxb5 cxb5 48. Kf1 Rh1+ 49. Ke2 b4 50. Kd2 Rf1 51. Rg2 Ra1 52. Kc2 Ra3 53. Rh2 Kg7 54. Rh1 Ra2+ 55. Kb3 Rxf2 56. Kxb4 Re2 57. Rh3 Rc2 58. Kb5 Rc6 59. Rh1 Kf6 60. Rh7 Re6 61. Rxb7 Rxe3 62. Rb6+ Re6 63. Rb8 Re4 64. Rb6+ Kg7 65. Kc5 Rxf4 66. Kxd5 Re4 67. Kc5 f4 68. d5 f3 69. Rb3 Rf4 70. Rb1 f2 71. Rf1 Kf7 72. d6 Ke6 73. Kc6 Rc4+ 74. Kb5 Rc2 75. Rd1 Kd7 76. Kb4 g5 77. Kb3 Re2 78. Rf1 g4 79. Kc3 g3 80. Kd3 Re1 0-1

[Event "Turkey Cup 2019"]
[Site "Belek"]
[Date "2019.01.30"]
[Round "6.1"]
[White "Kamer, Kayra"]
[Black "Arat, Ufuk Sezen"]
[Result "1-0"]
[WhiteElo "2417"]
[BlackElo "2361"]
[Annotator "TA"]
[PlyCount "75"]
[EventDate "2019.01.27"]
[EventType "swiss"]
[EventCountry "TUR"]
[SourceTitle "playchess.com"]
[Source "ChessBase"]
[SourceQuality "1"]

1. g3 d5 2. Bg2 Nf6 3. d3 Nbd7 4. e4 c6 5. f4 dxe4 6. dxe4 e5 7. Nc3 Qb6 8. Qf3 Bc5 9. Nge2 exf4 10. gxf4 O-O 11. e5 Re8 12. exf6 Nxf6 13. f5 Nd5 14. Nxd5 cxd5 15. a4 Bd7 16. Rf1 Be3 17. a5 Qh6 18. Bxe3 Rxe3 19. Qg4 Rae8 20. Rf2 Bb5 21. Bf3 d4 22. Kf1 d3 23. cxd3 Bxd3 24. Kg1 g6 25. Ng3 Re1+ 26. Rxe1 Rxe1+ 27. Kg2 Qc1 28. fxg6 Rg1+ 29. Kh3 hxg6 30. Bd5 Qc5 31. Bxf7+ Kg7 32. Bxg6 Bxg6 33. Nf5+ Kh7 34. Qh4+ Kg8 35. Qd8+ Kh7 36. Qd7+ Bf7 37. Qxf7+ Kh8 38. Qh5+ 1-0

[Event "Turkey Cup 2019"]
[Site "Belek"]
[Date "2019.01.30"]
[Round "6.2"]
[White "Yilmazyerli, Mert"]
[Black "Yuksel, Atilla Koksal"]
[Result "1-0"]
[WhiteElo "2436"]
[BlackElo "2236"]
[Annotator "NA RC"]
[PlyCount "87"]
[EventDate "2019.01.27"]
[EventType "swiss"]
[EventCountry "TUR"]
[SourceTitle "playchess.com"]
[Source "ChessBase"]
[SourceQuality "1"]

1. d4 d5 2. c4 e6 3. Nf3 Nf6 4. Nc3 c6 5. e3 Nbd7 6. Bd3 dxc4 7. Bxc4 b5 8. Bd3 a6 9. e4 Bb7 10. e5 Nd5 11. Nxd5 cxd5 12. Ng5 Bb4+ 13. Kf1 g6 14. Qg4 Qe7 15. Be3 O-O-O 16. Qf4 Rdf8 17. Ke2 Kb8 18. Rhc1 h6 19. Nf3 Rc8 20. Rxc8+ Bxc8 21. Bd2 g5 22. Bxb4 Qxb4 23. Qd2 Qxd2+ 24. Nxd2 f6 25. exf6 Rf8 26. Nf3 Rxf6 27. h3 Bb7 28. Rc1 Rf7 29. g3 Re7 30. Ke3 Ka7 31. Ne5 Nxe5 32. dxe5 Kb6 33. Kd4 Rf7 34. Rf1 Bc6 35. f4 gxf4 36. Rxf4 Rxf4+ 37. gxf4 Be8 38. b4 Bf7 39. h4 Kc6 40. a3 Kb6 41. Bf1 Kc6 42. Bh3 h5 43. f5 Kd7 44. Kc5 1-0

[Event "Turkey Cup 2019"]
[Site "Belek"]
[Date "2019.01.30"]
[Round "6.3"]
[White "Kiremitciyan, Ari"]
[Black "Gokerkan, Cem Kaan"]
[Result "1-0"]
[WhiteElo "2253"]
[BlackElo "2420"]
[Annotator "NA RC"]
[PlyCount "147"]
[EventDate "2019.01.27"]
[EventType "swiss"]
[EventCountry "TUR"]
[SourceTitle "playchess.com"]
[Source "ChessBase"]
[SourceQuality "1"]

1. e4 c5 2. Nc3 Nc6 3. Bb5 g6 4. Bxc6 bxc6 5. d3 Bg7 6. f4 d6 7. Nf3 Nh6 8. O-O f5 9. e5 O-O 10. Qe1 Nf7 11. Kh1 Qc7 12. Qg3 Be6 13. Bd2 Rad8 14. b3 Kh8 15. Rae1 dxe5 16. fxe5 Bd5 17. Na4 Bxf3 18. Rxf3 Rd5 19. e6 Qxg3 20. Rxg3 Ne5 21. Bf4 Ng4 22. Rf3 Rfd8 23. h3 Nh6 24. Rfe3 Ng8 25. Bc7 Rc8 26. Be5 Rcd8 27. Bc7 Rc8 28. Be5 Rcd8 29. Nc3 Rxe5 30. Rxe5 Bxe5 31. Rxe5 Kg7 32. Rxc5 Rd6 33. Kg1 Rxe6 34. Kf2 Rd6 35. Ra5 Rd7 36. Rc5 Rd6 37. Ra5 Rd7 38. Ke3 Nf6 39. Ra6 Rc7 40. Ra5 Nd7 41. d4 e6 42. Na4 Kf6 43. Nc5 Nxc5 44. Rxc5 g5 45. b4 a6 46. Ra5 Ra7 47. a4 Rb7 48. c3 Rb6 49. Kd3 Ke7 50. Rc5 Kd6 51. g4 fxg4 52. hxg4 h6 53. Ra5 Kc7 54. Ke4 Kd6 55. Kd3 Kc7 56. Kc4 Kd6 57. Kb3 Rb8 58. Rxa6 Rg8 59. Ra5 Rf8 60. Ra7 Rf4 61. Rh7 Rxg4 62. Rxh6 Rg1 63. Kc4 Ke7 64. Kc5 g4 65. a5 Kf7 66. c4 g3 67. Rh3 Kf6 68. Kxc6 Kf5 69. a6 g2 70. Rg3 Rc1 71. Rxg2 Rxc4+ 72. Kb5 Rxd4 73. a7 Rd8 74. Ra2 1-0

[Event "Turkey Cup 2019"]
[Site "Belek"]
[Date "2019.01.30"]
[Round "6.4"]
[White "Olcum, Ahmet"]
[Black "Eren, Ataberk"]
[Result "*"]
[WhiteElo "2320"]
[BlackElo "2171"]
[Annotator "NA"]
[PlyCount "100"]
[EventDate "2019.01.27"]
[EventType "swiss"]
[EventCountry "TUR"]
[SourceTitle "playchess.com"]
[Source "ChessBase"]
[SourceQuality "1"]

1. d4 Nf6 2. Bf4 d5 3. e3 Bf5 4. Nf3 e6 5. Ne5 Nfd7 6. g4 Bg6 7. Nxg6 hxg6 8. c4 dxc4 9. Bxc4 Nb6 10. Bb3 Bd6 11. Qf3 Qf6 12. Nd2 Bxf4 13. Ne4 Qe7 14. Qxf4 Nc6 15. Qg5 Qxg5 16. Nxg5 Na5 17. Bc2 Ke7 18. h4 Rac8 19. O-O-O Nd5 20. a3 b6 21. Nf3 c5 22. dxc5 bxc5 23. Ne5 c4 24. Kb1 c3 25. b3 Nc6 26. Nd3 a5 27. h5 gxh5 28. Rxh5 Rxh5 29. gxh5 Rh8 30. Rh1 e5 31. Bd1 e4 32. Nc5 f5 33. Rg1 Kf7 34. Rg5 Nce7 35. Kc2 Kf6 36. Rg1 Rc8 37. Nb7 f4 38. Nd6 Rc6 39. Nxe4+ Ke5 40. Bf3 fxe3 41. fxe3 Nf5 42. Kd3 c2 43. Rc1 Nfxe3 44. b4 axb4 45. axb4 Kf4 46. b5 Rc8 47. Ke2 Nf5 48. Nd2 Nc3+ 49. Kd3 Na2 50. Rf1 Rc3+ *